Dead Sea Scrolls and the First Christians. (Record no. 12457)

MARC details
000 -LEADER
fixed length control field 00610nam a2200241 a 4500
020 ## - INTERNATIONAL STANDARD BOOK NUMBER
ISBN 1852304
082 00 - DEWEY DECIMAL CLASSIFICATION NUMBER
Classification number 296.155
Author Cutter EIS
100 ## - MAIN ENTRY--AUTHOR NAME
Author name Eisenman, Robert
245 ## - TITLE STATEMENT
Title Dead Sea Scrolls and the First Christians.
260 ## - PUBLICATION, DISTRIBUTION, ETC. (IMPRINT)
Place of publication Great Britain
Name of publisher Element Books
Year of publication 1996
300 ## - PHYSICAL DESCRIPTION
Number of Pages 449p
500 ## - GENERAL NOTE
General note includes index and biblioraphy
505 2# - FORMATTED CONTENTS NOTE
Formatted contents note Index
650 ## - SUBJECT ADDED ENTRY--TOPICAL TERM
Topical Term Dead Sea Scrolls
942 ## - ADDED ENTRY ELEMENTS (KOHA)
Koha item type Books
700 1# -
-- Eisenman, Robert
Holdings
Collection code Home library Current library Date acquired Cost, normal purchase price Full call number Accession Number Koha item type
  Henry Martyn Institute Library Henry Martyn Institute Library 07/27/2007 695.00 296.155 EIS 019840 Books
                   Copyright © 2026 | Henry Martyn Institute | Hyderabad | TS-500052 | INDIA | Implemented by hmi.edu.in
Hit-Count:

Powered by Koha